Beezus and Ramona : (Record no. 9861)

MARC details
000 -LEADER
fixed length control field 01446cam a22003011 4500
001 - CONTROL NUMBER
control field 9861
003 - CONTROL NUMBER IDENTIFIER
control field FISKH
005 - DATE AND TIME OF LATEST TRANSACTION
control field 20260310085937.0
008 - FIXED-LENGTH DATA ELEMENTS--GENERAL INFORMATION
fixed length control field 750627s1955 xx j 000 0 eng
010 ## - LIBRARY OF CONGRESS CONTROL NUMBER
LC control number 55007623
020 ## - INTERNATIONAL STANDARD BOOK NUMBER
International Standard Book Number 071009003255
035 ## - SYSTEM CONTROL NUMBER
System control number 9798049
040 ## - CATALOGING SOURCE
Original cataloging agency DLC
Transcribing agency NmPE
Language of cataloging eng
050 00 - LIBRARY OF CONGRESS CALL NUMBER
Classification number PZ7 .C5792 .B
082 ## - DEWEY DECIMAL CLASSIFICATION NUMBER
Classification number 813.54
100 1# - MAIN ENTRY--PERSONAL NAME
Personal name Cleary, Beverly.
245 10 - TITLE STATEMENT
Title Beezus and Ramona :
Statement of responsibility, etc. Illustrated by Louis Darling.
260 ## - PUBLICATION, DISTRIBUTION, ETC.
Place of publication, distribution, etc. New York,
Name of publisher, distributor, etc. Morrow
Date of publication, distribution, etc. 1955
300 ## - PHYSICAL DESCRIPTION
Extent 159 pages :
Other physical details illustrations ;
Dimensions 20 cm
505 ## - FORMATTED CONTENTS NOTE
Formatted contents note R<br/>
520 ## - SUMMARY, ETC.
Summary, etc. Having a little sister like four-year-old Ramona isn't always easy for Beezus Quimby. With a wild imagination, disregard for order, and an appetite for chaos, Ramona makes it hard for Beezus to be the responsible older sister she knows she ought to be...especially when Ramona threatens to ruin Beezus's birthday party. Will Beezus find the patience to handle her little sister before Ramona turns her big day into a complete disaster?<br/>"An important reminder of the good that can come when you throw yourself fully into any situation and draw outside the lines," says Brightly in their article "12 Girls from Fiction Who Are Their Own Heroes."
521 8# - TARGET AUDIENCE NOTE
Target audience note 780<br/>
Source Lexil<br/>
521 8# - TARGET AUDIENCE NOTE
Target audience note R<br/>
Source Raz-Plus<br/>
650 ## - SUBJECT ADDED ENTRY--TOPICAL TERM
Topical term or geographic name entry element Realistic Fiction
Form subdivision Juvenile Fiction
General subdivision Chapter Book
906 ## - LOCAL DATA ELEMENT F, LDF (RLIN)
a 7
b cbc
c oclcrpl
d u
e ncip
f 19
g y-gencatlg
942 ## - ADDED ENTRY ELEMENTS (KOHA)
Source of classification or shelving scheme Dewey Decimal Classification
Koha item type Books
Suppress in OPAC No
Holdings
Withdrawn status Lost status Source of classification or shelving scheme Damaged status Not for loan Collection Home library Current library Shelving location Date acquired Total Checkouts Full call number Barcode Date last seen Copy number Price effective from Koha item type
    Dewey Decimal Classification     Juvenile Fiction Footprints International School Library Network Toul Tom Poung Campus Footprints International School Library Network Toul Tom Poung Campus TTP Primary Orange Bookshelves 03/10/2026   CLE 813.54 PZ7 .C5792 .B FISBK00661 03/10/2026 1 03/10/2026 Books